000
00319nam a2200121Ia 4500
008
210430s9999 xx 000 0 und d
020
_a
0-19-577676-3
082
_a
954.9043 K451P
100
_a
Mazhar Ali Khan
_9
54613
245
_a
Pakistan The First Twelve Years
_c
Mazhar Ali Khan
300
_a
757
942
_c
BK
_2
ddc
999
_c
565241
_d
565241